00683nam a22002057a 4500003000400000005001700004008004100021020001800062020001500080040001000095082002400105245010400129250001200233260006000245300003300305504005100338650002800389700003000417700003000447OSt20150408114217.0140513s2014 enka f b 001 0 eng d a9781292042084 a1292042087 aMa-Un04222a362.196855bHUC00aHuman communication disorders :bAn introduction /c[edited by] Noma B. Anderson, George H. Shames. a8th ed. aEdinburgh, England :bPearson Education Limited,c2014. aii, 518 p. :bill. ;c28 cm. aIncludes bibliographical references and index. aCommunicative disorders1 aAnderson, Noma B.,d1949-1 aShames, George H.,d1926-